000 00442nam a2200169Ia 4500
008 151021s9999 xx 000 0 und d
020 _a9.7805362425e+012
050 _aQH 308.2.C34 2009
245 _a_Biology
260 _aUSA custom publishing 2009
300 _axlv,1267p;ill.
500 _aIncludes index
500 _aIncludes index
650 _a_biology
700 _a_Jane B Reece
980 _a^d20130523 02:40:53^oanne
999 _c13684
_d13684